ბათუმის შოთა რუსთაველის სახელმწიფო უნივერსიტეტის ბიბლიოთეკა

პარკთმშენებლობა და ტყეპარკი / (ბიბ.ჩანაწერი № 63160)

000 -ლიდერი
ფიქსირებული სიგრძის საკონტროლო ველი 00821nam a22002057a 4500
003 - საკონტროლო ნომრის იდენტიფიკატორი
საკონტროლო ველი Ge_BSU
005 - ბოლო ოპერაციის თარიღი და დრო
საკონტროლო ველი 20250613104413.0
008 - ფიქსირებული სიგრძის მონაცემთა ელემენტები - ზოგადი ინფორმაცია
ფიქსირებული სიგრძის საკონტროლო ველი 250613s2002 ge ||||| |||| 00| 0 geo d
041 ## - ენის კოდი
Language code of text/sound track or separate title geo
080 ## - უნივერსალური ათობითი კლასიფიკაციის ინდექსი
Universal Decimal Classification number 58(479.22) ბ-54
100 ## - მთავარი ჩანაწერი - პიროვნების სახელი
Personal name ბეროშვილი, ვ.
9 (RLIN) 25410
245 ## - ცნობა სათაურის შესახებ
Title პარკთმშენებლობა და ტყეპარკი /
Statement of responsibility, etc ვალ. ბეროშვილი; რედ. შ. ხიდაშელი.
264 ## - წარმოების, გამოცემის, დისტრიბუციის და სხვა ცნობები
გამოცემის, წარმოების, დისტრიბუციის... ადგილი თბილისი,
გამოცემის, წარმოების, დისტრიბუციის... თარიღი 2002.
300 ## - ფიზიკური აღწერა
Extent 203 გვ. :
Other physical details ილ.;
Dimensions 20 სმ.
500 ## - ზოგადი შენიშვნა
General note წიგნს აკლია გვ. 85-86
504 ## - BIBLIOGRAPHY, ETC. NOTE
Bibliography, etc ბიბლიოგრ. გვ. 202
653 ## - INDEX TERM--UNCONTROLLED
Uncontrolled term ტყეპარკი
700 ## - ADDED ENTRY--PERSONAL NAME
Personal name ხიდაშელი, შ.
Relator term რედაქტორი
9 (RLIN) 25411
942 ## - ADDED ENTRY ELEMENTS (KOHA)
Source of classification or shelving scheme
Koha item type წიგნი
ეგზემპლარები
ჩამოწერის სტატუსი დაკარგული ეგზემპლარის სტატუსი კლასიფიკაციის წყარო ან თაროზე გაწყობის სქემა დაზიანების სტატუსი არ გაიცემა მუდმივი მდებარეობა (დაცვის ადგილი) ამჟამინდელი ადგილსამყოფელი თაროზე განთავსების ადგილი შეძენის თარიღი ღირებულება, შესყიდვის ნორმალური ფასი სრული შენახვის შიფრი შტრიხკოდი ბოლო ოპერაციის თარიღი ეგზემპლარის მიმდევრობითი ნომერი (კეტერი?) ფასის ძალაში შესვლის თარიღი ეგზემპლარის სახეობა საჯარო შენიშვნა
          ბათუმის შოთა რუსთაველის სახელმწიფო უნივერსიტეტის მთავარი ბიბლიოთეკა ბათუმის შოთა რუსთაველის სახელმწიფო უნივერსიტეტის მთავარი ბიბლიოთეკა წიგნსაცავი 2025-06-13 5.00 58(479.22) ბ-54 71817 2025-06-13 71817 2025-06-13 წიგნი 5 ლ.